<?xml version="1.0" encoding="UTF-8"?>
<collection xmlns="http://www.loc.gov/MARC21/slim">
<record>
  <controlfield tag="001">135582</controlfield>
  <controlfield tag="005">20240605121015.0</controlfield>
  <datafield tag="024" ind1="7" ind2=" ">
    <subfield code="2">doi</subfield>
    <subfield code="a">10.1515/pol-2023-2006</subfield>
  </datafield>
  <datafield tag="024" ind1="8" ind2=" ">
    <subfield code="2">sideral</subfield>
    <subfield code="a">138697</subfield>
  </datafield>
  <datafield tag="037" ind1=" " ind2=" ">
    <subfield code="a">ART-2023-138697</subfield>
  </datafield>
  <datafield tag="041" ind1=" " ind2=" ">
    <subfield code="a">eng</subfield>
  </datafield>
  <datafield tag="100" ind1=" " ind2=" ">
    <subfield code="a">Onega, Susana</subfield>
    <subfield code="u">Universidad de Zaragoza</subfield>
    <subfield code="0">(orcid)0000-0003-1672-4276</subfield>
  </datafield>
  <datafield tag="245" ind1=" " ind2=" ">
    <subfield code="a">Of Sexbots, Cyborgs and Artificial Intelligence: Articulations of the Posthuman Subject in Jeanette Winterson’s Frankissstein: A Love Story</subfield>
  </datafield>
  <datafield tag="260" ind1=" " ind2=" ">
    <subfield code="c">2023</subfield>
  </datafield>
  <datafield tag="520" ind1="3" ind2=" ">
    <subfield code="a">Jeanette Winterson’s latest novel, Frankissstein: A Love Story (2019), was written as a contribution to the world-wide celebrations of the second centenary of the publication of Mary Shelley’s Frankenstein. Evincing the characteristic excessiveness and parodic stance of the postmodern romance, it alternates two interlocked story lines. The first, narrated by Mary Shelley, is situated during her own life span and populated by Mary herself, Percy Bysshe Shelley, Lord Byron, John William Polidori and Claire Clairmont. The second, situated in 2018, is narrated by Dr Ry Shelley, a transgender medical doctor who sells body parts to Prof. Victor Stein, a cutting-edge researcher in Artificial Intelligence. The essay argues that for all its parodic doubleness, temporal circularity, thematic enmeshment and palimpsestic structure, the novel draws a clear-cut distinction between the Idealist conception of subjectivity endorsed by the male Romantic poets that leads to Prof. Stein’s transmodern conception of a future universe colonised by bodiless enhanced humans, and Mary Shelley’s affectively charged conception of embodied subjectivity that foreruns Ry Shelley’s posthuman conception of fluid subjectivity.</subfield>
  </datafield>
  <datafield tag="536" ind1=" " ind2=" ">
    <subfield code="9">info:eu-repo/grantAgreement/ES/DGA/H03-20R</subfield>
    <subfield code="9">info:eu-repo/grantAgreement/ES/MINECO/PID2021-124841NB-I00</subfield>
  </datafield>
  <datafield tag="540" ind1=" " ind2=" ">
    <subfield code="9">info:eu-repo/semantics/closedAccess</subfield>
    <subfield code="a">All rights reserved</subfield>
    <subfield code="u">http://www.europeana.eu/rights/rr-f/</subfield>
  </datafield>
  <datafield tag="655" ind1=" " ind2="4">
    <subfield code="a">info:eu-repo/semantics/article</subfield>
    <subfield code="v">info:eu-repo/semantics/publishedVersion</subfield>
  </datafield>
  <datafield tag="710" ind1="2" ind2=" ">
    <subfield code="1">3004</subfield>
    <subfield code="2">345</subfield>
    <subfield code="a">Universidad de Zaragoza</subfield>
    <subfield code="b">Dpto. Filolog.Inglesa y Alema.</subfield>
    <subfield code="c">Área Filología Inglesa</subfield>
  </datafield>
  <datafield tag="773" ind1=" " ind2=" ">
    <subfield code="g">17, 1 (2023), 89-109</subfield>
    <subfield code="p">Polemos</subfield>
    <subfield code="t">Polemos</subfield>
    <subfield code="x">2035-5262</subfield>
  </datafield>
  <datafield tag="856" ind1="4" ind2=" ">
    <subfield code="s">504261</subfield>
    <subfield code="u">http://zaguan.unizar.es/record/135582/files/texto_completo.pdf</subfield>
    <subfield code="y">Versión publicada</subfield>
  </datafield>
  <datafield tag="856" ind1="4" ind2=" ">
    <subfield code="s">1459212</subfield>
    <subfield code="u">http://zaguan.unizar.es/record/135582/files/texto_completo.jpg?subformat=icon</subfield>
    <subfield code="x">icon</subfield>
    <subfield code="y">Versión publicada</subfield>
  </datafield>
  <datafield tag="909" ind1="C" ind2="O">
    <subfield code="o">oai:zaguan.unizar.es:135582</subfield>
    <subfield code="p">articulos</subfield>
    <subfield code="p">driver</subfield>
  </datafield>
  <datafield tag="951" ind1=" " ind2=" ">
    <subfield code="a">2024-06-05-10:50:57</subfield>
  </datafield>
  <datafield tag="980" ind1=" " ind2=" ">
    <subfield code="a">ARTICLE</subfield>
  </datafield>
</record>
</collection>